Hora Cero : Testimonios de la Revolución Latinoamericana : la violencia en Guatemala /

Shranjeno v:
Bibliografske podrobnosti
Drugi avtorji: Meza, Julián (edición) (edición), Rivera, Diana (edición) (edición)
Format: Knjiga
Jezik:španščina
Izdano: México : Hora Cero, 1967
Oznake: Označite
Brez oznak, prvi označite!

MARC

LEADER 00000nam^a2200000^a^4500
001 000578763
005 20250521000000.0
009 20260310132516.063
037 |a Acervo ITESO - Biblioteca 
041 |a ESP 
091 |a FLG. 00461 
245 0 0 |a Hora Cero :  |b Testimonios de la Revolución Latinoamericana : la violencia en Guatemala / 
264 1 |a México :  |b Hora Cero,  |c 1967 
300 |a 76 p. 
336 |a texto  |b txt  |2 rdacontenido 
337 |a sin mediación  |b n  |2 rdamedio 
338 |a volumen  |b nc  |2 rdasoporte 
649 |a XX 
700 |a Meza, Julián  |e (edición) 
700 |a Rivera, Diana  |e (edición) 
910 |a Fondo Luis González de Alba 
920 |a Impresos - Libros 
930 |a Fondos Especiales 
905 |a 141 
901 |a 0500397825  |b IT2  |c ESP  |i D100945  |u 20250521 
902 |a https://opac.biblio.iteso.mx/vufind/Record/000578763